| 000 | 01192nam a22002895a 4500 | ||
|---|---|---|---|
| 003 | OSt | ||
| 005 | 20161121130908.0 | ||
| 008 | 161121s2010 ua frb 000 0 ara d | ||
| 015 | _a2009/24116 | ||
| 020 | _a9789770463079 | ||
| 040 |
_aEG-ScBUE _bara _cEG-ScBUE |
||
| 043 | _af-ua--- | ||
| 082 | 0 | 4 |
_a342.620664 _bش ا د _222 |
| 100 | 1 | _aشادي، فوزي أحمد. | |
| 245 |
_aتطور أساس مسئولية الدولة : _bدراسة مقارنة بين القانون الوضعي والفقه الإسلامي / _cفوزي أحمد شادي. |
||
| 260 |
_aالقاهرة : _bدار النهضة العربية، _c2010. |
||
| 300 |
_a765 ص. ؛ _c24 سم. |
||
| 502 | _6أطروحة (دكتوراه) - جامعة عين شمس. كلية الحقوق، 2009. | ||
| 504 | _aيشتمل على إرجاعات ببليوجرافية. | ||
| 610 | 1 | 7 |
_aمصر. _bمجلس الدولة. _2BUEsh |
| 650 | 7 |
_aالقانون الإداري _zمصر. _2BUEsh _940573 |
|
| 650 | 7 |
_aالمسئولية الإدارية. _zمصر. _2BUEsh _915133 |
|
| 650 | 7 | _aالمسئولية الإدارية (فقه إسلامي) | |
| 651 | _2BUEsh | ||
| 653 |
_bLLAAWW _cNovember2016 |
||
| 942 | _2ddc | ||
| 999 |
_c23230 _d23202 |
||